Managing for excellence / (Record no. 2540)
[ view plain ]
| 000 -LEADER | |
|---|---|
| fixed length control field | 00818nac a22001811u 4500 |
| 008 - FIXED-LENGTH DATA ELEMENTS--GENERAL INFORMATION | |
| fixed length control field | 090318t xxu||||| |||| 00| 0 eng d |
| 010 ## - LIBRARY OF CONGRESS CONTROL NUMBER | |
| LC control number | 2001042476 |
| 082 00 - DEWEY DECIMAL CLASSIFICATION NUMBER | |
| Classification number | 658.4 |
| 245 00 - TITLE STATEMENT | |
| Title | Managing for excellence / |
| Statement of responsibility, etc | Moi Ali ... [et al.] ; [introduction by Robert Heller]. |
| 246 3# - VARYING FORM OF TITLE | |
| Title proper/short title | Managing for excellence |
| 250 ## - EDITION STATEMENT | |
| Edition statement | 1st American ed. |
| 260 ## - PUBLICATION, DISTRIBUTION, ETC. (IMPRINT) | |
| Place of publication, distribution, etc | New York : |
| Name of publisher, distributor, etc | DK Pub.,2001 |
| Date of publication, distribution, etc | 2001. |
| 300 ## - PHYSICAL DESCRIPTION | |
| Extent | 864 p. : |
| Other physical details | col. ill. ; |
| Dimensions | 22 cm. |
| 500 ## - GENERAL NOTE | |
| General note | Includes index. |
| 505 0# - FORMATTED CONTENTS NOTE | |
| Formatted contents note | Achieving excellence -- Leading effectively -- Managing people -- Coaching successfully -- Managing projects -- Thinking strategically -- Managing budgets -- Understanding accounts --Selling successfully -- Marketing effectively -- Understanding information technology -- Moving to E-business. |
| 651 ## - SUBJECT ADDED ENTRY--GEOGRAPHIC NAME | |
| Source of heading or term | BUEsh |
| 942 ## - ADDED ENTRY ELEMENTS (KOHA) | |
| Item type | NB - Book (Non borrowing) |
| Call number prefix | 658.4 |
| Source of classification or shelving scheme | Dewey Decimal Classification |
| Withdrawn status | Item status | Damaged status | Not for loan | Home library | Current library | Shelving location | Date acquired | Source of acquisition | Total Checkouts | Full call number | Barcode | Date last seen | Date last borrowed | Koha item type |
|---|---|---|---|---|---|---|---|---|---|---|---|---|---|---|
| Central Library | Central Library | First floor | 22/02/2007 | Purchase | 6 | 658.4 MAN | 000001775 | 15/07/2025 | 02/01/2012 | NB - Book (Non borrowing) |